| 000 | 00781cab a2200241 4500 | ||
|---|---|---|---|
| 001 | ABS54699 | ||
| 008 | 090401t1996 xxu||||| |||| 00| 0 eng d | ||
| 035 | _a(Sirsi) u11857 | ||
| 041 | _aeng | ||
| 100 | _aGriffiths, P. | ||
| 245 | _aChurches and listing: the Ecclesiastical Exemption Order | ||
| 260 | _c1996 | ||
| 350 | _a0 | ||
| 490 |
_aChartered Builder _v(28) March 1996, 18-19(2) |
||
| 520 | _aAssesses the impact of the Ecclesiastical Exemption Order allowing exemption from listed building control for denominations operating in accordance with PPG15. | ||
| 650 | _aECCLESIASTICAL BUILDINGS | ||
| 650 | _aECCLESIASTICAL EXEMPTION ORDER | ||
| 650 | _aLISTED BUILDING CONTROL | ||
| 650 | _aPPG15 | ||
| 690 | _aCONSERVATION | ||
| 942 | _n0 | ||
| 948 | _c04/03/1997 | ||
| 999 |
_c7575 _d7575 |
||